LEADER 01022nam a2200265 a 4500 001 000000141366 003 CaOOAMICUS 005 20150122110230.0 008 150122s1962 fr b u000 u fre r 040 $aPUL$bita 100 1 $aDumont, René.$0(OLS)http://pul/name/41780 245 12$aL'Afrique noire est mal partie /$cRené Dumont. 260 $aParis :$bÉditions du Seuil,$c1962. 300 $a286 p. :$bc. geogr. ;$c21 cm 490 1 $aEsprit "Frontière ouvert" 504 $aBibliografia in nota. 651 4$aAfrica.$0(OLS)http://pul/subject/29232 830 0$aEsprit "Frontière ouvert".$0(OLS)http://pul/title/178887 850 $aPUL 852 $aPUL$W1$xDP1 Fondo Capitani$y116$m4 A 97$j163188$qFondi$B163049$CPULBib$Z2$F163049 $HCap1625 $82 941 1 $a1 961 $aNota ms. di possesso: Capitani. 996 $6245$aL'Afrique noire est mal partie$9(OLS)http://pul/title/178886 996 $6260$aParis :$bÉditions du Seuil$9(OLS)http://pul/publisher/54032 LEADER 01763nam a2200385 a 4500 001 000000125229 003 CaOOAMICUS 005 20110506113428.0 008 110506s2010 it u000 u ita r 020 $a978-88-7180-883-3 040 $aPUL$bita 041 1 $aita$heng 082 04$a252.03 100 0 $aIoannes Henricus Newman,$csanto,$d1801-1890.$0(OLS)http://pul/name/8149 240 10$aRealizations.$lItaliano.$0(OLS)http://pul/title/157884 245 10$aAprire il cuore alla vertià :$btredici sermoni scelti da lui stesso /$cJohn Henry Newman ; a cura di Vincent Ferrer Blehl SJ ; prefazione di Muriel Spark. 260 $aTorino :$bLindau,$c©2010. 300 $a247 p. ;$c21 cm. 490 1 $aI Pellicani 504 $aInclude riferimenti bibliografici ed indice. 650 4$aApologetica$xAutori cattolici.$0(OLS)http://pul/subject/3141 700 1 $aBlehl, Vincent Ferrer,$d1921-2001.$0(OLS)http://pul/name/79222 700 1 $aSpark, Muriel.$0(OLS)http://pul/name/79223 830 2$aI Pellicani (Lindau).$0(OLS)http://pul/title/136966 850 $aPUL 852 $aPUL$W1$xSL Religione 3$y85$m252. 03 NEWJO 1$j144190$qDDC 21$B143225$CPULBib$Z2$F143225 $H117024 $82 900 $aNewman, John Henry$ccard.,$d1801-1890$98149 900 $aIohannes Henricus Newman,$csanto,$d1801-1890$98149 900 $aJohannes Henricus Newman,$cs.,$d1801-1890$98149 941 1 $a9 996 $6020$a978-88-7180-883-3$9(OLS)http://pul/number/147081 996 $6082$a252.03$9(OLS)http://pul/classification/1990 996 $6245$aAprire il cuore alla vertià :$btredici sermoni scelti da lui stesso$9(OLS)http://pul/title/157885 996 $6260$aTorino :$bLindau$9(OLS)http://pul/publisher/70945